Glazing Definitions Quiz - Statistics

General Stats
  • This quiz has been taken 12 times
  • The average score is 4 of 5
Answer Stats
Hint Answer % Correct
The process of person complimenting themselves Self Glaze
100%
When you overhype and over-compliment someone to the point where it's really annoying and cringeworthy Glaze
89%
Glazing one or more person in a non annoying and nice way. Respectful Glaze
89%
Glazing a person with the a rude intent Disrespectful Glaze
44%
More than one person glazing a single individual. Team Glaze
33%
No matching quizzes found
Score Distribution
Percent of People with Each Score
Percentile by Number Answered
Your Score History
You have not taken this quiz